A History of African Philosophy (Record no. 3868)

MARC details
000 -LEADER
fixed length control field 00415nam a22001577a 4500
008 - FIXED-LENGTH DATA ELEMENTS--GENERAL INFORMATION
fixed length control field 250617b |||||||| |||| 00| 0 eng d
020 ## - INTERNATIONAL STANDARD BOOK NUMBER
ISBN 9789789102433
100 ## - MAIN ENTRY--AUTHOR
Author Abanka, B
245 ## - TITLE STATEMENT
Title A History of African Philosophy
250 ## - EDITION STATEMENT
Edition statement 2nd
260 ## - PUBLICATION, DISTRIBUTION, ETC. (IMPRINT)
Place of publication Onitsha, Nigeria
Name of publisher Spiritan Publications
Date of publication 2011
300 ## - COLLATION
Pagination 158p
650 ## - TRACINGS
Main Subject Ancient History
Subdivision (1st) Earliest History
942 ## - ADDED ENTRY ELEMENTS (KOHA)
Item type Books
050 ## - LIBRARY OF CONGRESS CALL NUMBER
Classification number D 78
Item number .A 23
Holdings
Source of classification or shelving scheme Not for loan Permanent location Current location Date acquired Accession No. Full call number Barcode. Koha item type
Library of Congress Classification   Samuel Ogbemudia Main Library, University of Abuja Samuel Ogbemudia Main Library, University of Abuja 06/17/2025 2023/61734 D 78 .A 23 2025-2550 Books